000 00540nam a2200217Ia 4500
008 170203s9999 xx 000 0 und d
020 _a0-59045787x
050 _aFic
050 _b.C387w 1972
100 _aCebulash, Mel
245 _aWillie's Wonderful Pet /
245 _cby Mel Cebulash ; illustrated by George Ford.
260 _aNew York :
260 _bScholastic Inc.,
260 _c1993
300 _bcol. ill. ;
300 _c23 cm.
440 _aHello reader! Level 1.
650 _aPets--
650 _xFiction.
999 _c306003
_d306003